I. E.: autobiography
Saved in:
| Main Author: | |
|---|---|
| Format: | Book |
| Language: | English |
| Published: |
G. P. Putran’s
1985
|
| Tags: |
Add Tag
No Tags, Be the first to tag this record!
|
MARC
| LEADER | 00000nam a22000007a 4500 | ||
|---|---|---|---|
| 008 | 210121b ||||| |||| 00| 0 eng d | ||
| 100 | |a ROONEY, Mickey | ||
| 245 | |a I. E.: autobiography |c Mickey Rooney | ||
| 260 | |b G. P. Putran’s |c 1985 |i 206693 |l PN2297 .R75A3 | ||
| 942 | |a lcc |c BK |e O.A.JOHNSON |f 21/01/21 | ||
| 952 | |0 0 |1 0 |2 lcc |4 0 |6 PN2297 R75 A3 |7 0 |9 1429 |a HOL |b HOL |d 2021-01-21 |l 0 |o PN2297 .R75A3 |p 2021-0228 |r 2021-01-21 00:00:00 |w 2021-01-21 |y BK | ||
| 999 | |c 744 |d 744 | ||